| 000 | 01362nam a22003377a 4500 | ||
|---|---|---|---|
| 001 | 17277 | ||
| 003 | CO-MdFUSB | ||
| 005 | 20210605104244.0 | ||
| 008 | 170622t2010 xxu||||| |||| 00| 0 s d | ||
| 020 | _a978-0-311-43061-1 | ||
| 040 |
_cCO-MdFUSB _aCO-MdFUSB _bspa _dCO-MdFUSBC _erda |
||
| 041 | _aspa | ||
| 082 | 0 | 4 |
_a221.601 _222 _bK134p |
| 100 | 1 |
_aKaiser, Walter C. _eautor |
|
| 245 | 0 |
_aPredicación y enseñanza desde el Antiguo Testamento _c / Walter C. Kaiser |
|
| 250 | _aPrimera edición | ||
| 264 | 4 |
_aTexas : _b Mundo Hispano, _c©2010 |
|
| 300 |
_a252 p. _c; |
||
| 336 | _2rdacontent | ||
| 337 | _2rdamedia | ||
| 338 | _2rdacarrier | ||
| 505 | _aI PARTE: La necesidad de predicar y enseñar del Antiguo Testamento -- El valor del A.T. en la actualidad -- La tarea de enseñar y predicar el A.T. -- El arte y la ciencia de la predicación expositiva \ II PARTE: Cómo predicar y enseñar del Antiguo Testamento -- Cómo predicar y enseñar los textos narrativos, los libros de sabiduría del AT, profetas, lamentos, Torá, alabanza y textos apocalípticos | ||
| 650 | 0 |
_aPredicación _954 |
|
| 650 | 7 |
_aRetórica en la Biblia _9414 |
|
| 650 | 0 |
_aPredicación _954 |
|
| 653 | _aRetórica - Biblia A.T. | ||
| 653 | _aSermones bíblicos - Biblia A.T. | ||
| 653 | _aOratoria sagrada - Biblia A.T. | ||
| 942 | _cBK | ||
| 945 | _aJTF-925 | ||
| 999 |
_c43939 _d43939 |
||